000 00733nam a2200193 a 4500
001 BRCA_629
005 20190320203104.0
008 181005s1992----mx-a---###---#000-0#spa-d
020 _a9682945887
050 4 _aN6550
_b.M49 1992
245 1 0 _aMéxico
_besplendores de treinta siglos : Colegio de San Ildefonso
_cintroducción por Octavio Paz.
260 _aMéxico
_bCONACULTA
_c1992
300 _a123 p.
_bil.
_c29 cm.
500 _aCatálogo de la exposición realizada en el Antiguo Colegio de San Ildefonso (Ciudad de México), diciembre, 1992
500 _aIncluye piezas de la colección Franz Mayer: p. 76, 77, 79 y 80.
650 1 4 _aArte mexicano
_vExposiciones
_xHistoria
_92134
700 1 _aPaz, Octavio
_9902
942 _2lcc
_cB
999 _c552
_d552